Statistics for Cities With Busiest Airports on a World Map

Click here to take the quiz!

General Stats

  • This quiz has been taken 3,358 times
  • The average score is 45 of 50

Answers on the Map

Answers color-coded by a green-red scale on the quiz's map according to % correct below.
Loading ...
 

Answer Stats

Combined PassengersAirport(s) includedUrban area% Correct
153,487,957Heathrow, Gatwick, Stansted, Luton, City, SouthendLondon
99%
126,651,526JFK, Newark, LaGuardia, Stewart, Long Island MacArthur, WestchesterNew York City
99%
99,761,998Charles de Gaulle, Orly, BeauvaisParis
99%
95,793,140LAX, Long Beach, Bob Hope/Burbank, John Wayne, OntarioLos Angeles
98%
46,828,279BarajasMadrid
98%
39,606,266Benito Juárez, TolucaMexico City
98%
77,557,288Miami, Fort Lauderdale, Palm BeachMiami
98%
75,285,463Domodedovo, Sheremetyevo, VnukovoMoscow
98%
46,297,409Fiumicino, CiampinoRome
98%
111,439,687Haneda, Narita, Chōfu AirportTokyo
98%
96,130,390Capital, NanyuanBeijing
97%
99,170,835O'Hare, MidwayChicago
97%
71,014,239San Francisco, Oakland, San JoseSan Francisco
97%
39,656,000Kingsford SmithSydney
97%
58,284,864SchipholAmsterdam
96%
42,191,661Barcelona, Girona-Costa Brava, ReusBarcelona
96%
45,981,773Indira GandhiDelhi
96%
88,935,250Dubai, Al Maktoum, SharjahDubai
96%
89,435,167Atatürk, Sabiha GökçenIstanbul
96%
101,491,106Hartsfield–JacksonAtlanta
95%
78,671,661DFW, Love FieldDallas
95%
42,340,537Seattle-TacomaSeattle
95%
99,189,000Pudong, HongqiaoShanghai
95%
83,206,293Suvarnabhumi, Don MueangBangkok
94%
72,445,198Incheon, GimpoSeoul
94%
39,111,359Boston-Logan, Manchester-Boston, T. F. GreenBoston
93%
55,186,568George Bush, HobbyHouston
93%
57,000,000Soekarno-Hatta, Halim PerdanakusumaJakarta
93%
45,389,074McCarranLas Vegas
93%
38,676,303Malpensa, Linate, BergamoMilan
93%
40,637,377Chhatrapati ShivajiMumbai
93%
43,436,847Pearson, Billy BishopToronto
93%
66,669,853Dulles, Reagan, BWIWashington DC/Baltimore
93%
63,697,127Frankfurt, HahnFrankfurt
92%
37,882,193Manila, ClarkManila
92%
41,731,856Munich, MemmingenMunich
92%
55,448,964ChangiSingapore
92%
68,488,000Chek Lap KokHong Kong
91%
68,715,919Guarulhos, Congonhas, Viracopos, Campo de Marte AirportSão Paulo
91%
54,014,502DenverDenver
88%
41,289,459Orlando, SanfordOrlando
88%
44,580,993Taoyuan, SongshanTaipei
88%
51,678,211Kuala Lumpur–International, SubangKuala Lumpur
87%
43,376,899Sky Harbor, Mesa GatewayPhoenix
87%
41,145,843Kansai, Itami, KobeOsaka
86%
55,208,000BaiyunGuangzhou
82%
44,876,627DouglasCharlotte
71%
39,721,800Bao'anShenzhen
60%
42,240,000ShuangliuChengdu
54%
37,654,000KunmingKunming
30%

Score Distribution

Percentile by Number Answered

Percent of People with Each Score

Your Score History

You have not taken this quiz